00630nam a2200265Ia 4500008004000000020001800040041000800058082001700066100001900083245009700102260003100199300001100230650000900241650000800250650000700258650001000265650000700275650001200282650001100294650001400305650001100319650001400330650001200344650000800356210210b2013 xxu||||| |||| 00| 0 eng d a9788172737122 aeng a364.163 SHAC aSHARMA (Sumit) aCorporate crimes and financial fraudsbWith biggest financial frauds in the history of India aDelhibAuthors pressc2013 axx,225 aWith athe aof aIndia ain ahistory afrauds afinancial acrimes aCorporate abiggest aand